| 000 | 00525nam a2200169 i 4500 | ||
|---|---|---|---|
| 001 | 90414 | ||
| 003 | ES-MaACL | ||
| 005 | 20230906180433.0 | ||
| 007 | t| | ||
| 008 | 050120s1961 sp ||||1| spa d | ||
| 245 | 0 | 0 |
_aLegislación del Impuesto Industrial y beneficios comerciales e industriales _b: Aranzadi. |
| 260 |
_aPamplona : _bAranzadi, _c1961. |
||
| 300 |
_a918 p. ; _c17 cm. |
||
| 650 | 4 |
_aImpuesto industrial- _zEspaƱa. _9153889 |
|
| 700 | 1 |
_aAranzadi, Estanislao de. _922330 |
|
| 852 |
_aES-MaACL _jC-21062 _bR.49629 |
||
| 999 |
_c90414 _d90414 |
||